000 00978cab a2200253 4500
001 ABS54026
008 090401t1995 xxu||||| |||| 00| 0 eng d
035 _a(Sirsi) u7948
041 _aeng
245 _aCentral Estates Ltd v SoS Environment
260 _c1995
350 _a0
490 _aRent Review & Lease Renewal
_v15(4) 1995, 73-86(14)
520 _aCA 23 June 1995. A notice to announce a rent review for the third perid should have been served no later than 29 September 1991, but landlords purported to have issued a notice dated 14 April 1992. The High Court found the notice valid, but tenants appealed. Appeal allowed on basis that `time was of the essence`.
650 _aCENTRAL ESTATES LTD V SOS ENVIRONMENT
650 _aOFFICES
650 _aOPEN MARKET RENT
650 _aRENT REVIEWS
650 _aTIME OF THE ESSENCE
650 _aTRIGGER NOTICE
690 _aLANDLORD AND TENANT-CASE LAW-RENT REVIEWS
942 _n0
948 _c04/03/1997
999 _c4838
_d4838